| 000 | 01177cam a22002651i 4500 | ||
|---|---|---|---|
| 003 | SA-RiAUC | ||
| 005 | 20241119143043.0 | ||
| 008 | 241119s1990 mk g f100 0 ara c | ||
| 040 |
_aSA-JeALM _bara _cSA-RiAUC _erda |
||
| 082 | 0 | 4 | _a250 |
| 090 |
_a250 _b ن د و |
||
| 111 | 2 |
_aندوة الفقه الإسلامي _cجامعة السلطان قابوس، مسقط) _d(1988 : |
|
| 245 | 1 | 0 |
_aندوة الفقه الإسلامي المنعقدة بجامعة السلطان قابوس / _cوزارة العدل والأوقاف والشؤون الاسلامية. |
| 250 | _aالطبعة الثانية | ||
| 264 | 1 |
_aمسقط : _bوزارة العدل والأوقاف والشؤون الإسلامية، _c2006 |
|
| 300 |
_a1031 صفحة ؛ _c25 سم |
||
| 336 |
_aنص _btxt _2rdacontent _3كتاب |
||
| 337 |
_aبدون وسيط _bn _2rdamedia |
||
| 338 |
_aمجلد _bnc _2rdacarrier |
||
| 650 | 7 |
_aالفقه الإسلامي _vمؤتمرات _2aucsh |
|
| 710 | 1 |
_aعمان (سلطنة). _bوزارة الأوقاف والشؤون الدينية _eمنظم. |
|
| 942 |
_2ddc _cBOOK _n0 |
||
| 949 |
_aSA-JeALM _d241119 _umohamedma123 _n1 |
||
| 999 |
_c2542 _d2542 |
||